[Event "DVM U20 2014"]
[Site "Naumburg (Saale) GER"]
[Date "2014.12.29"]
[Round "5"]
[White "Braun, Georg"]
[Black "Uksini, Bardhyl"]
[Result "1-0"]
[Termination "normal"]
[Board "1.2"]
[WhiteElo "2229"]
[BlackElo "2204"]
[WhiteClock "00:12:50"]
[BlackClock "00:06:11"]
[WhiteTeam "SK Bebenhausen"]
[BlackTeam "Hamburger SK von 1830"]
[PlyCount "107"]
[WhiteFideId "24629383"]
[BlackFideId "1628313"]
[EventCountry "GER"]
[EventRounds "7"]
[EventType "team-swiss"]
[EventDate "2014.12.26"]

1. e4 c5 2. Nf3 e6 3. d4 cxd4 4. Nxd4 Nc6 5. Nc3 Qc7 6. g3 a6 7. Bg2 h5 8. h3
Nf6 9. O-O Bc5 10. Nxc6 bxc6 11. Kh1 Ng4 12. Qf3 a5 13. Na4 Be7 14. c4 g5 15.
Qe2 Ne5 16. b3 h4 17. f4 Ng6 18. f5 Ne5 19. f6 Bf8 20. g4 Rg8 21. Be3 Ba6 22.
Rad1 Bb4 23. Qb2 Rb8 24. Qc1 Ng6 25. Bxg5 Bd6 26. Be3 Be5 27. Nc5 Bc8 28. Nd3
Bg3 29. Qc3 d6 30. Nf4 Ne5 31. Nh5 Ng6 32. Nxg3 hxg3 33. Bg5 e5 34. Qxg3 c5 35.
Qd3 Rb6 36. Bh6 Be6 37. Qd2 Ra6 38. a4 Rh8 39. Kg1 Kd7 40. Bg7 Rh4 41. Rf3 Qb7
42. Rd3 Qc7 43. Rf1 Qb8 44. Rff3 Kc7 45. Kf2 Qb4 46. Qxb4 axb4 47. Kg3 Rh7 48.
Rf2 Kd7 49. Rd1 Ke8 50. Ra1 Ra5 51. Rh1 Nh4 52. Rd1 Ra6 53. Rfd2 Kd7 54. Bf8
1-0

[Event "DVM U20 2014"]
[Site "Naumburg (Saale) GER"]
[Date "2014.12.29"]
[Round "5"]
[White "Hinrichs, Lars"]
[Black "Gibicar, Danijel"]
[Result "1/2-1/2"]
[Termination "normal"]
[Board "1.3"]
[WhiteElo "2193"]
[BlackElo "2142"]
[WhiteClock "00:05:46"]
[BlackClock "00:07:58"]
[WhiteTeam "Hamburger SK von 1830"]
[BlackTeam "SK Bebenhausen"]
[PlyCount "95"]
[WhiteFideId "12921769"]
[BlackFideId "24660256"]
[EventCountry "GER"]
[EventRounds "7"]
[EventType "team-swiss"]
[EventDate "2014.12.26"]

1. e4 e6 2. d4 d5 3. Nd2 a6 4. Ngf3 c5 5. exd5 exd5 6. Be2 Nf6 7. O-O cxd4 8.
Re1 Be7 9. Nb3 O-O 10. Nbxd4 Bd6 11. Bg5 Nc6 12. c3 h6 13. Bh4 g5 14. Bg3 Bxg3
15. hxg3 Qb6 16. Qb3 Qxb3 17. Nxb3 Bf5 18. Nc5 Ne4 19. Bd3 Rfe8 20. Nxb7 Bg6
21. Bxe4 dxe4 22. Nd2 e3 23. fxe3 Reb8 24. Nd6 Rxb2 25. N6c4 Rc2 26. Rec1 Rxc1+
27. Rxc1 Rd8 28. Nf3 f6 29. Nd4 Ne7 30. Nd2 Nd5 31. e4 Nxc3 32. N2b3 Nxe4 33.
Rc6 Rd6 34. Rc8+ Kf7 35. g4 h5 36. Rc7+ Ke8 37. gxh5 Bxh5 38. Nf5 Rd1+ 39. Kh2
Kd8 40. Ra7 Nf2 41. Ng3 Bg4 42. Rxa6 f5 43. Ra4 Re1 44. Rd4+ Ke8 45. Rd2 Nd1
46. Nd4 f4 47. Ngf5 Nc3 48. Nf3 1/2-1/2

[Event "DVM U20 2014"]
[Site "Naumburg (Saale) GER"]
[Date "2014.12.29"]
[Round "5"]
[White "Kaulich, Philipp Theodor"]
[Black "Grötzbach, Julian"]
[Result "1/2-1/2"]
[Termination "normal"]
[Board "1.4"]
[WhiteElo "2126"]
[BlackElo "2201"]
[WhiteClock "00:11:38"]
[BlackClock "00:20:34"]
[WhiteTeam "SK Bebenhausen"]
[BlackTeam "Hamburger SK von 1830"]
[PlyCount "53"]
[WhiteFideId "4641582"]
[BlackFideId "24600938"]
[EventCountry "GER"]
[EventRounds "7"]
[EventType "team-swiss"]
[EventDate "2014.12.26"]

1. e4 c5 2. c3 Nf6 3. e5 Nd5 4. d4 cxd4 5. Nf3 e6 6. cxd4 d6 7. Bc4 Be7 8. O-O
O-O 9. Qe2 b6 10. Qe4 Ba6 11. Bxa6 Nxa6 12. Qg4 Kh8 13. Nbd2 dxe5 14. dxe5 Nc5
15. Nc4 b5 16. Ne3 Nxe3 17. Bxe3 Qd5 18. Rfd1 Qb7 19. Rac1 Rac8 20. h3 Na4 21.
Rxc8 Rxc8 22. Ng5 Bxg5 23. Bxg5 Qc7 24. Rc1 Qd7 25. Rd1 Qc7 26. Rc1 Qd7 27. Rd1
1/2-1/2

[Event "DVM U20 2014"]
[Site "Naumburg (Saale) GER"]
[Date "2014.12.29"]
[Round "5"]
[White "Alber, Alexander"]
[Black "Grötzbach, Daniel"]
[Result "1-0"]
[Termination "normal"]
[Board "1.6"]
[WhiteElo "1919"]
[BlackElo "1930"]
[WhiteClock "00:13:30"]
[BlackClock "00:12:42"]
[WhiteTeam "SK Bebenhausen"]
[BlackTeam "Hamburger SK von 1830"]
[PlyCount "103"]
[WhiteFideId "4640039"]
[BlackFideId "24692166"]
[EventCountry "GER"]
[EventRounds "7"]
[EventType "team-swiss"]
[EventDate "2014.12.26"]

1. e4 c5 2. Nf3 d6 3. d4 cxd4 4. Nxd4 Nf6 5. Nc3 a6 6. g3 b5 7. Bg2 Bb7 8. O-O
e6 9. a3 Qc7 10. g4 h6 11. f4 Nfd7 12. f5 e5 13. Nde2 Nf6 14. Ng3 Nbd7 15. h4
Nb6 16. g5 hxg5 17. hxg5 Nfd7 18. Qf3 Nc5 19. g6 f6 20. Rd1 Nca4 21. Nxa4 Nxa4
22. b3 Nb6 23. Be3 Rc8 24. Rd3 Nd7 25. Rc1 d5 26. exd5 Bxa3 27. Rcd1 Qxc2 28.
Ne4 Ke7 29. Bf2 Bd6 30. R3d2 Qc7 31. b4 Ke8 32. Rc2 Qxc2 33. Nxd6+ Kf8 34. Nxc8
e4 35. Qg4 e3 36. Bxe3 Ne5 37. Qd4 Qxc8 38. Qc5+ Ke8 39. d6 Qxc5 40. bxc5 Bxg2
41. Kxg2 Kd7 42. Ra1 Nc4 43. Bd4 a5 44. Re1 Rg8 45. Re7+ Kc6 46. d7 Rd8 47.
Bxf6 gxf6 48. g7 Rg8 49. Kh3 Ne5 50. Re8 Rxg7 51. d8=Q Kxc5 52. Rxe5+ 1-0

[Event "DVM U20 2014"]
[Site "Naumburg (Saale) GER"]
[Date "2014.12.29"]
[Round "5"]
[White "Grigorian, Spartak"]
[Black "Pauly, Carlo"]
[Result "1-0"]
[Termination "normal"]
[Board "2.1"]
[WhiteElo "2244"]
[BlackElo "2173"]
[WhiteClock "00:09:12"]
[BlackClock "00:17:58"]
[WhiteTeam "SK Wildeshausen"]
[BlackTeam "SG Porz"]
[PlyCount "81"]
[WhiteFideId "24661490"]
[BlackFideId "24673269"]
[EventCountry "GER"]
[EventRounds "7"]
[EventType "team-swiss"]
[EventDate "2014.12.26"]

1. d4 Nf6 2. c4 g6 3. Nc3 Bg7 4. e4 d6 5. Nf3 O-O 6. Be2 e5 7. O-O Nc6 8. dxe5
dxe5 9. Bg5 h6 10. Qxd8 Rxd8 11. Bxf6 Bxf6 12. Nd5 Bg7 13. Nxc7 Rb8 14. Nd5 Bg4
15. b4 Bxf3 16. Bxf3 Bf8 17. c5 h5 18. Rfd1 Bh6 19. Kf1 Nd4 20. Be2 Kf8 21.
Rab1 Rdc8 22. a4 Rd8 23. Bc4 Ne6 24. a5 a6 25. Nb6 Nd4 26. Bd5 f6 27. Rd3 Bf4
28. g3 Bh6 29. f4 Ke7 30. Kg2 Nc6 31. Rf3 h4 32. Rf2 Rf8 33. Bxc6 bxc6 34. fxe5
fxe5 35. Rxf8 Rxf8 36. Rd1 Rd8 37. Rxd8 Kxd8 38. Nc4 Kc7 39. Nxe5 hxg3 40. Kxg3
Bd2 41. Nd3 1-0

[Event "DVM U20 2014"]
[Site "Naumburg (Saale) GER"]
[Date "2014.12.29"]
[Round "5"]
[White "Xu, Xianliang"]
[Black "Reuker, Jari"]
[Result "0-1"]
[Termination "normal"]
[Board "2.2"]
[WhiteElo "2113"]
[BlackElo "1903"]
[WhiteClock "00:57:27"]
[BlackClock "00:16:26"]
[WhiteTeam "SG Porz"]
[BlackTeam "SK Wildeshausen"]
[PlyCount "112"]
[WhiteFideId "4603230"]
[BlackFideId "12909300"]
[EventCountry "GER"]
[EventRounds "7"]
[EventType "team-swiss"]
[EventDate "2014.12.26"]

1. e4 c5 2. Nf3 e6 3. c3 Nf6 4. e5 Nd5 5. Bc4 Nb6 6. Bb3 c4 7. Bc2 Nc6 8. d4
cxd3 9. Qxd3 d6 10. exd6 Qxd6 11. Qe4 Qd5 12. Bf4 Be7 13. Nbd2 Qxe4+ 14. Nxe4
O-O 15. O-O-O Nd5 16. Bd6 Bxd6 17. Nxd6 Rd8 18. Nc4 Bd7 19. Nce5 Be8 20. Nxc6
Bxc6 21. Ne5 Rac8 22. Nxc6 Rxc6 23. Rd4 Kf8 24. c4 Rdc8 25. b3 b5 26. Bd3 bxc4
27. Bxc4 Nb6 28. Kd2 Nxc4+ 29. bxc4 Rxc4 30. Rxc4 Rxc4 31. Rb1 Ra4 32. Rb2 Ke7
33. Ke2 Kf6 34. f3 h6 35. Kf2 g6 36. Re2 h5 37. Kg3 Kf5 38. Kf2 e5 39. Rb2 f6
40. Rc2 g5 41. h3 h4 42. Ke3 a5 43. Rd2 Ra3+ 44. Kf2 Kf4 45. Rc2 Ra4 46. Re2
Rc4 47. Rb2 a4 48. a3 Kf5 49. Ke2 Rc3 50. Ra2 Kf4 51. Kf2 Rb3 52. Kf1 Kg3 53.
Ra1 Rd3 54. Ke2 Rc3 55. Kf1 Rb3 56. Kg1 Rb2 0-1

[Event "DVM U20 2014"]
[Site "Naumburg (Saale) GER"]
[Date "2014.12.29"]
[Round "5"]
[White "Peters, Tom"]
[Black "Finke, Kai"]
[Result "1-0"]
[Termination "normal"]
[Board "2.3"]
[WhiteElo "1922"]
[BlackElo "2099"]
[WhiteClock "00:07:29"]
[BlackClock "00:04:46"]
[WhiteTeam "SK Wildeshausen"]
[BlackTeam "SG Porz"]
[PlyCount "65"]
[WhiteFideId "24694444"]
[BlackFideId "1270611"]
[EventCountry "GER"]
[EventRounds "7"]
[EventType "team-swiss"]
[EventDate "2014.12.26"]

1. e4 c5 2. Nf3 d6 3. d4 cxd4 4. Nxd4 Nf6 5. Nc3 g6 6. Be3 Bg7 7. f3 Nc6 8. Qd2
Bd7 9. g4 h5 10. g5 Nh7 11. O-O-O Nf8 12. Nd5 Ne6 13. Nb5 b6 14. f4 O-O 15. Bd3
Ncd4 16. Nxd4 Nxd4 17. Qf2 Nc6 18. f5 e6 19. Nf4 Qxg5 20. Nxe6 Qf6 21. Nxg7
Kxg7 22. Rhg1 Ne5 23. Be2 Kh7 24. Bg5 Qg7 25. f6 Qh8 26. Rxd6 Bg4 27. Bxg4 Nxg4
28. Qh4 Ne5 29. Qf4 Rfe8 30. Bh6 Kg8 31. Rd5 Ng4 32. Bg7 Qh7 33. h3 1-0

[Event "DVM U20 2014"]
[Site "Naumburg (Saale) GER"]
[Date "2014.12.29"]
[Round "5"]
[White "Eigemann, Frederik"]
[Black "Finke, Maurice"]
[Result "1-0"]
[Termination "normal"]
[Board "2.4"]
[WhiteElo "2015"]
[BlackElo "1989"]
[WhiteClock "00:23:47"]
[BlackClock "00:23:46"]
[WhiteTeam "SG Porz"]
[BlackTeam "SK Wildeshausen"]
[PlyCount "93"]
[WhiteFideId "24692034"]
[BlackFideId "12909580"]
[EventCountry "GER"]
[EventRounds "7"]
[EventType "team-swiss"]
[EventDate "2014.12.26"]

1. d4 d5 2. c4 c6 3. Nf3 Nf6 4. Nbd2 Bf5 5. Nh4 Be4 6. f3 Bg6 7. Qb3 Qb6 8.
Nxg6 hxg6 9. cxd5 cxd5 10. Qxb6 axb6 11. e3 Nc6 12. Bb5 e6 13. O-O Bd6 14. h3
O-O 15. Nb1 Nh5 16. g4 Ng3 17. Rf2 g5 18. Nc3 g6 19. Bd2 Kg7 20. Ne2 Rh8 21.
Kg2 Nxe2 22. Rxe2 Rh4 23. Be1 Rh7 24. Bg3 Bxg3 25. Kxg3 Na5 26. Rc1 f5 27. b4
Nc4 28. Bxc4 dxc4 29. Rxc4 Kf6 30. Rh2 Ra4 31. Rb2 Ra3 32. Re2 f4+ 33. exf4
gxf4+ 34. Kxf4 Rxh3 35. g5+ Ke7 36. Rc7+ Kd6 37. Rxb7 Raxf3+ 38. Ke4 Kc6 39.
Rg7 Rfg3 40. Rxg6 Kb5 41. Rxe6 Rxg5 42. Re5+ Rxe5+ 43. dxe5 Kxb4 44. e6 b5 45.
e7 Rh8 46. Kd5 Re8 47. Kd6 1-0

[Event "DVM U20 2014"]
[Site "Naumburg (Saale) GER"]
[Date "2014.12.29"]
[Round "5"]
[White "Ngo, Minh Duc"]
[Black "Eigemann, Julian"]
[Result "1/2-1/2"]
[Termination "normal"]
[Board "2.5"]
[WhiteElo "2024"]
[BlackElo "1913"]
[WhiteClock "00:56:34"]
[BlackClock "00:01:40"]
[WhiteTeam "SK Wildeshausen"]
[BlackTeam "SG Porz"]
[PlyCount "146"]
[WhiteFideId "12942693"]
[BlackFideId "24666599"]
[EventCountry "GER"]
[EventRounds "7"]
[EventType "team-swiss"]
[EventDate "2014.12.26"]

1. e4 c5 2. Nf3 d6 3. c3 e6 4. d4 cxd4 5. cxd4 a6 6. Nc3 Nf6 7. Bd3 Be7 8. O-O
O-O 9. Bg5 Nc6 10. h3 h6 11. Bf4 b5 12. Rc1 Bb7 13. Qe2 Rc8 14. Rfd1 Qa5 15. e5
Nh5 16. Qe4 f5 17. exf6 Rxf6 18. Ne2 Rcf8 19. Bd2 Qb6 20. g4 g6 21. d5 Ne5 22.
Be3 Nxf3+ 23. Qxf3 Rxf3 24. Bxb6 Nf4 25. Nxf4 R8xf4 26. Be2 Rxh3 27. Kg2 Rh4
28. Rc7 Bxd5+ 29. Kg3 Bg5 30. Rc8+ Kf7 31. Rdc1 Kg7 32. R1c7+ Rf7 33. f4 Bf6
34. Bd4 Bxd4 35. Kxh4 Bxb2 36. g5 hxg5+ 37. fxg5 Be4 38. Bg4 Bf5 39. Bxf5 exf5
40. Rxf7+ Kxf7 41. Rc7+ Ke6 42. Ra7 b4 43. Rxa6 Bc3 44. Rb6 Ke5 45. Kg3 Bd2 46.
Rb8 Kd5 47. Kf3 Kc5 48. Rc8+ Kd5 49. Ke2 Bxg5 50. Rg8 Bf4 51. Rxg6 Kd4 52. Rg7
Kc3 53. Rb7 Be5 54. Ke3 d5 55. Ke2 f4 56. Rb5 Kc4 57. Rb6 d4 58. Rc6+ Kd5 59.
Rh6 Kc4 60. Rh3 Bd6 61. Rf3 Be5 62. Rd3 Bf6 63. Kd2 Be7 64. Rf3 Bd6 65. Kc2 Be5
66. Rh3 Bd6 67. Rf3 Bc7 68. Rh3 Bd8 69. Rf3 Bg5 70. Rh3 Be7 71. Rf3 Bd6 72. Rh3
Be5 73. Rf3 Bd6 1/2-1/2

[Event "DVM U20 2014"]
[Site "Naumburg (Saale) GER"]
[Date "2014.12.29"]
[Round "5"]
[White "Rahmen, Christian"]
[Black "Eschholz, Dario"]
[Result "1/2-1/2"]
[Termination "normal"]
[Board "2.6"]
[WhiteElo "1870"]
[BlackElo "1639"]
[WhiteClock "00:01:10"]
[BlackClock "00:18:53"]
[WhiteTeam "SG Porz"]
[BlackTeam "SK Wildeshausen"]
[PlyCount "139"]
[WhiteFideId "12901709"]
[BlackFideId "12928690"]
[EventCountry "GER"]
[EventRounds "7"]
[EventType "team-swiss"]
[EventDate "2014.12.26"]

1. d4 Nf6 2. c4 Nc6 3. Nf3 e6 4. g3 Bb4+ 5. Bd2 Bxd2+ 6. Qxd2 d6 7. Bg2 O-O 8.
O-O e5 9. d5 Ne7 10. Nc3 Bf5 11. Nh4 Bg6 12. e4 Nd7 13. g4 f6 14. Ne2 Nc5 15.
Ng3 Qc8 16. Nhf5 Bxf5 17. gxf5 Qe8 18. Rac1 a5 19. Rc3 g5 20. fxg6 Qxg6 21. f4
Kh8 22. f5 Qf7 23. Kh1 Rg8 24. Bf3 Rg5 25. Rg1 Rag8 26. Rcc1 Qg7 27. Rg2 Qh6
28. Rcg1 Qh3 29. Qe2 b6 30. Nh5 Rxg2 31. Rxg2 Qh4 32. Rxg8+ Nxg8 33. Qg2 Qe1+
34. Qg1 Qxg1+ 35. Kxg1 Na4 36. b3 Nc3 37. a3 Nb1 38. Bd1 Nxa3 39. Kf2 b5 40.
cxb5 Nxb5 41. Ke3 Nd4 42. Kd3 Ne7 43. Nxf6 Nc8 44. Ne8 c6 45. dxc6 Nxc6 46. Kc4
Kg8 47. Kd5 N8e7+ 48. Kxd6 Kf8 49. Nc7 Kf7 50. Bh5+ Kf6 51. h4 Nxf5+ 52. Kxc6
Nd4+ 53. Kd6 Nxb3 54. Nd5+ Kg7 55. Kxe5 Nd2 56. Kf5 a4 57. e5 a3 58. Nb4 Nf1
59. e6 Ng3+ 60. Kg4 Nxh5 61. Kxh5 Kf6 62. Kh6 Kxe6 63. Kxh7 Kf7 64. h5 Kf8 65.
h6 Kf7 66. Na2 Kf8 67. Nc1 Kf7 68. Na2 Kf8 69. Kg6 Kg8 70. h7+ 1/2-1/2

[Event "DVM U20 2014"]
[Site "Naumburg (Saale) GER"]
[Date "2014.12.29"]
[Round "5"]
[White "Neef, Maximilian"]
[Black "Hobusch, Jan"]
[Result "0-1"]
[Termination "normal"]
[Board "3.1"]
[WhiteTitle "FM"]
[WhiteElo "2353"]
[BlackElo "2183"]
[WhiteTeam "USV TU Dresden"]
[BlackTeam "SG Solingen"]
[PlyCount "76"]
[WhiteFideId "24692085"]
[BlackFideId "12907634"]
[EventCountry "GER"]
[EventRounds "7"]
[EventType "team-swiss"]
[EventDate "2014.12.26"]

1. Nf3 d5 2. c4 c6 3. e3 Nf6 4. Nc3 e6 5. Qc2 Bd6 6. b3 e5 7. cxd5 cxd5 8. Nb5
O-O 9. Bb2 Nc6 10. Nxd6 Qxd6 11. Rc1 Bg4 12. Bb5 Rac8 13. Qb1 Bxf3 14. gxf3 d4
15. Bc4 Qd7 16. Bd3 Rcd8 17. Ke2 Rfe8 18. Rhg1 Nb4 19. Rc4 a5 20. a3 Nxd3 21.
Qxd3 Qh3 22. Rg3 Qh5 23. Kf1 Qxh2 24. exd4 Nh5 25. Rg1 Qh3+ 26. Ke1 Nf4 27. Qf1
Qxf3 28. Rc3 exd4+ 29. Re3 dxe3 30. Rxg7+ Kf8 31. Rxf7+ Kxf7 32. Qc4+ Nd5 33.
fxe3 Qe4 34. Bd4 Rg8 35. Qf1+ Ke8 36. Qb5+ Rd7 37. Qxa5 Rg1+ 38. Ke2 Nf4+ 0-1

[Event "DVM U20 2014"]
[Site "Naumburg (Saale) GER"]
[Date "2014.12.29"]
[Round "5"]
[White "Zolfagharian, Kevin"]
[Black "Möhn, Hans"]
[Result "1-0"]
[Termination "normal"]
[Board "3.2"]
[WhiteElo "2144"]
[BlackElo "2273"]
[WhiteTeam "SG Solingen"]
[BlackTeam "USV TU Dresden"]
[PlyCount "127"]
[WhiteFideId "12933570"]
[BlackFideId "24647837"]
[EventCountry "GER"]
[EventRounds "7"]
[EventType "team-swiss"]
[EventDate "2014.12.26"]

1. e4 c6 2. d4 d5 3. e5 Bf5 4. g4 Be4 5. Nf3 e6 6. Be3 Bxf3 7. Qxf3 Qb6 8. Nd2
c5 9. dxc5 Bxc5 10. Bxc5 Qxc5 11. Qb3 Nc6 12. Bb5 Nge7 13. O-O-O Qxf2 14. Nf3
O-O 15. h4 Nxe5 16. Rdf1 Qg3 17. Kb1 Nxf3 18. Rxf3 Qd6 19. h5 h6 20. g5 hxg5
21. Qe3 g4 22. h6 Nf5 23. Qg5 Qe5 24. Qxg4 Nxh6 25. Qg1 Kh7 26. Re3 Qd4 27. c3
Qf4 28. Bd3+ Kh8 29. Rg3 Qf6 30. Qe3 e5 31. Rf3 Qb6 32. Qxe5 Rae8 33. Qg5 Re6
34. Qxd5 Rf6 35. Qe4 Rg6 36. Rxf7 Rxf7 37. Qe8+ Kh7 38. Qxf7 Qd6 39. Bc2 Qf6
40. Qe8 Qg5 41. Qf7 Qg2 42. Qf1 Kg8 43. Bxg6 Qxg6+ 44. Ka1 Qe4 45. Qe1 Qxe1+
46. Rxe1 Kf7 47. Kb1 g5 48. Kc2 g4 49. Kd3 Kf6 50. b4 Kg5 51. c4 g3 52. c5 a6
53. a4 Kf4 54. b5 axb5 55. axb5 g2 56. Rg1 Kf3 57. Kd4 Nf7 58. Kd5 Kf2 59. Ra1
g1=Q 60. Rxg1 Kxg1 61. c6 bxc6+ 62. bxc6 Nh8 63. c7 Ng6 64. Kd6 1-0

[Event "DVM U20 2014"]
[Site "Naumburg (Saale) GER"]
[Date "2014.12.29"]
[Round "5"]
[White "Gungl, Theo"]
[Black "Neumair, Jerome"]
[Result "0-1"]
[Termination "normal"]
[Board "3.3"]
[WhiteElo "2122"]
[BlackElo "2122"]
[WhiteTeam "USV TU Dresden"]
[BlackTeam "SG Solingen"]
[PlyCount "58"]
[WhiteFideId "24695653"]
[BlackFideId "24672637"]
[EventCountry "GER"]
[EventRounds "7"]
[EventType "team-swiss"]
[EventDate "2014.12.26"]

1. e4 e6 2. d4 d5 3. Nd2 Nc6 4. c3 e5 5. dxe5 dxe4 6. Nxe4 Qxd1+ 7. Kxd1 Nxe5
8. Bf4 Nf6 9. Nxf6+ gxf6 10. Kd2 Be6 11. Re1 O-O-O+ 12. Kc2 Bd6 13. Be3 Rhe8
14. Nf3 Bf5+ 15. Kc1 Ng4 16. Bc4 Nxf2 17. Nd4 Nxh1 18. Nxf5 Bf4 19. Rxh1 Bxe3+
20. Kb1 Re5 21. Rf1 Rd2 22. g4 Rxh2 23. Bxf7 Rg2 24. Bh5 Rg1 25. Rxg1 Bxg1 26.
Kc2 Re2+ 27. Kb3 Kd8 28. Ng3 Rg2 29. Ne4 Ke7 0-1

[Event "DVM U20 2014"]
[Site "Naumburg (Saale) GER"]
[Date "2014.12.29"]
[Round "5"]
[White "Reksten, Daniel"]
[Black "Scholz, Robert"]
[Result "1/2-1/2"]
[Termination "normal"]
[Board "3.4"]
[WhiteElo "1895"]
[BlackElo "1980"]
[WhiteTeam "SG Solingen"]
[BlackTeam "USV TU Dresden"]
[PlyCount "78"]
[WhiteFideId "24692590"]
[BlackFideId "1270301"]
[EventCountry "GER"]
[EventRounds "7"]
[EventType "team-swiss"]
[EventDate "2014.12.26"]

1. d4 Nf6 2. c4 e6 3. Nc3 Bb4 4. Qc2 c5 5. dxc5 Qc7 6. Nf3 Bxc5 7. g3 a6 8. Bg2
Be7 9. b3 b6 10. Bf4 d6 11. O-O Bb7 12. Rfd1 O-O 13. Rac1 Rd8 14. Ng5 Bxg2 15.
Kxg2 Nbd7 16. Nge4 Nxe4 17. Nxe4 Nf6 18. Nxf6+ Bxf6 19. Qe4 Be7 20. Rd2 Ra7 21.
Rcd1 Qc5 22. Be3 Qc7 23. Bf4 Qc5 24. Qd4 Qxd4 25. Rxd4 Rad7 26. e4 Kf8 27. Be3
Ke8 28. R4d3 Rb7 29. f4 b5 30. cxb5 axb5 31. a4 bxa4 32. bxa4 Rb4 33. Rd4 Rxd4
34. Bxd4 Ra8 35. Bxg7 Rxa4 36. Kf3 f5 37. exf5 exf5 38. Bd4 Kf7 39. h3 Ra5
1/2-1/2

[Event "DVM U20 2014"]
[Site "Naumburg (Saale) GER"]
[Date "2014.12.29"]
[Round "5"]
[White "Thamm, Merlin Jannes"]
[Black "Bashylin, Seva"]
[Result "0-1"]
[Termination "normal"]
[Board "3.5"]
[WhiteElo "1697"]
[BlackElo "1685"]
[WhiteTeam "USV TU Dresden"]
[BlackTeam "SG Solingen"]
[PlyCount "82"]
[WhiteFideId "24695564"]
[BlackFideId "24688045"]
[EventCountry "GER"]
[EventRounds "7"]
[EventType "team-swiss"]
[EventDate "2014.12.26"]

1. e4 e5 2. Nf3 d6 3. d4 exd4 4. Nxd4 Nf6 5. Nc3 Be7 6. Be2 O-O 7. O-O a6 8. a4
b6 9. f4 c5 10. Nf5 Bxf5 11. exf5 Qd7 12. Bf3 Nc6 13. Re1 Rae8 14. Be3 Nb4 15.
g4 Rd8 16. Bf2 d5 17. g5 Ne8 18. Nxd5 Nxd5 19. Bxd5 Qxf5 20. Rxe7 Rxd5 21. Qf3
Nd6 22. Qb3 Rd2 23. Rae1 Qxf4 24. Bg3 Qd4+ 25. Qe3 Qxe3+ 26. R7xe3 Nf5 27. Rb3
Nxg3 28. hxg3 Rxc2 29. Rxb6 Rd8 30. Rd6 Rf8 31. Rxa6 Rxb2 32. Rc1 g6 33. Rxc5
Rd8 34. Rc1 Rd3 35. Rf1 Rxg3+ 36. Kh1 Rb4 37. Kh2 Rxg5 38. Kh3 f5 39. Rc1 Rbg4
40. Rc8+ Kg7 41. Rc7+ Kh6 0-1

[Event "DVM U20 2014"]
[Site "Naumburg (Saale) GER"]
[Date "2014.12.29"]
[Round "5"]
[White "Porstmann, Jan"]
[Black "Schamschurko, Victor"]
[Result "1-0"]
[Termination "normal"]
[Board "3.6"]
[WhiteElo "1875"]
[BlackElo "1758"]
[WhiteTeam "SG Solingen"]
[BlackTeam "USV TU Dresden"]
[PlyCount "79"]
[WhiteFideId "1271566"]
[BlackFideId "24695637"]
[EventCountry "GER"]
[EventRounds "7"]
[EventType "team-swiss"]
[EventDate "2014.12.26"]

1. e4 c5 2. Nf3 Nc6 3. d4 cxd4 4. Nxd4 e5 5. Nb5 d6 6. g3 Be7 7. Bg2 Be6 8.
N1c3 a6 9. Na3 Rb8 10. Be3 Nf6 11. O-O O-O 12. Nd5 b5 13. h3 h6 14. f4 Bxd5 15.
exd5 exf4 16. gxf4 Na5 17. b4 Nc4 18. Nxc4 bxc4 19. Rb1 Qd7 20. c3 Bd8 21. Qc2
Bb6 22. Bxb6 Rxb6 23. Rfe1 Rbb8 24. Qe2 Rbc8 25. Qe7 Rc7 26. Qxd7 Rxd7 27. Bf3
Rb8 28. a4 Rdb7 29. Rb2 Kf8 30. Rd2 Rc7 31. Kf2 Rbc8 32. a5 Rb8 33. Bd1 Re7 34.
Rxe7 Kxe7 35. Rd4 Rb5 36. Bf3 Kd7 37. Ke3 g6 38. Bg4+ Kd8 39. Bf3 Kd7 40. h4
1-0

[Event "DVM U20 2014"]
[Site "Naumburg (Saale) GER"]
[Date "2014.12.29"]
[Round "5"]
[White "Klek, Hanna Marie"]
[Black "Martin, Julian"]
[Result "1-0"]
[Termination "normal"]
[Board "4.1"]
[WhiteElo "2225"]
[BlackElo "2132"]
[WhiteTeam "SC Erlangen"]
[BlackTeam "OSG Baden-Baden"]
[PlyCount "58"]
[WhiteFideId "24670057"]
[BlackFideId "12941000"]
[EventCountry "GER"]
[EventRounds "7"]
[EventType "team-swiss"]
[EventDate "2014.12.26"]

1. e4 c5 2. Na3 Nc6 3. Bb5 e6 4. c3 Nf6 5. d3 Be7 6. f4 Qc7 7. Nf3 d6 8. O-O
Bd7 9. Kh1 h5 10. Qe1 h4 11. b4 d5 12. e5 Ng4 13. Rb1 Nh6 14. bxc5 Bxc5 15. d4
Be7 16. c4 Nf5 17. cxd5 exd5 18. Qc3 a6 19. Bd3 b5 20. Nc2 Qa7 21. Bxf5 Bxf5
22. Qxc6+ Kf8 23. e6 h3 24. g3 fxe6 25. Be3 Kf7 26. Ne5+ Kf6 27. g4 Be4+ 28.
Kg1 Rhc8 29. f5 Qc7 1-0

[Event "DVM U20 2014"]
[Site "Naumburg (Saale) GER"]
[Date "2014.12.29"]
[Round "5"]
[White "Tiemann, Tobias"]
[Black "Miller, Eduard"]
[Result "1-0"]
[Termination "normal"]
[Board "4.2"]
[WhiteElo "1991"]
[BlackElo "2129"]
[WhiteTeam "OSG Baden-Baden"]
[BlackTeam "SC Erlangen"]
[PlyCount "119"]
[WhiteFideId "4642350"]
[BlackFideId "24687022"]
[EventCountry "GER"]
[EventRounds "7"]
[EventType "team-swiss"]
[EventDate "2014.12.26"]

1. d4 Nf6 2. Nf3 d6 3. g3 c6 4. Bg2 Bf5 5. O-O h6 6. b3 Nbd7 7. Bb2 Qc7 8. Nbd2
d5 9. c4 e6 10. Rc1 Be7 11. cxd5 exd5 12. Ne5 Qa5 13. a3 Nxe5 14. dxe5 Ne4 15.
b4 Qb6 16. Nxe4 dxe4 17. Qc2 a5 18. Bxe4 Bxe4 19. Qxe4 axb4 20. Rb1 O-O 21.
axb4 Qxb4 22. Bd4 Qa4 23. Rxb7 Bc5 24. e3 Bxd4 25. Qxd4 Qxd4 26. exd4 Rfd8 27.
Rc1 Rxd4 28. Rxc6 Re4 29. Rcc7 Rxe5 30. Rxf7 Rg5 31. h4 Rg6 32. Kg2 Rf8 33.
Rfe7 Kh8 34. f3 Rg8 35. Rf7 Ra6 36. f4 Kh7 37. f5 Kh8 38. Kf3 Ra3+ 39. Kg4 Ra4+
40. Kf3 Ra3+ 41. Kg4 Ra4+ 42. Kh3 Ra6 43. Rbe7 Rb6 44. Kg4 Rb4+ 45. Kh5 Rb3 46.
g4 Rb5 47. Kg6 Rb6+ 48. Re6 Rb4 49. Kh5 Rb5 50. Rg6 Ra5 51. Re6 Rb5 52. g5 hxg5
53. hxg5 Rb1 54. Kg6 Rh1 55. Ree7 Rg1 56. Re4 Rh1 57. Rb7 Rh2 58. Rbe7 Rf8 59.
Re8 Kg8 60. R4e7 1-0

[Event "DVM U20 2014"]
[Site "Naumburg (Saale) GER"]
[Date "2014.12.29"]
[Round "5"]
[White "Wenninger, Philipp"]
[Black "Steimbach, Isabel"]
[Result "1/2-1/2"]
[Termination "normal"]
[Board "4.3"]
[WhiteElo "2259"]
[BlackElo "1877"]
[WhiteTeam "SC Erlangen"]
[BlackTeam "OSG Baden-Baden"]
[PlyCount "71"]
[WhiteFideId "4648404"]
[BlackFideId "24692174"]
[EventCountry "GER"]
[EventRounds "7"]
[EventType "team-swiss"]
[EventDate "2014.12.26"]

1. d4 d5 2. Nf3 Nf6 3. c4 e6 4. g3 Be7 5. Bg2 O-O 6. O-O b6 7. Nc3 Bb7 8. Ne5
Nbd7 9. Qa4 Nxe5 10. dxe5 Ne4 11. Nxe4 dxe4 12. Rd1 Qe8 13. Qc2 Qc6 14. Rd4 Qc5
15. Rd7 Rfe8 16. Be3 Qxe5 17. Bf4 Qf6 18. Rxc7 Ba6 19. Bxe4 Rac8 20. Qa4 Qxb2
21. Rb1 Qxe2 22. Rxc8 Rxc8 23. Qxa6 Rxc4 24. Bb7 Bc5 25. Rf1 h6 26. Qxa7 Rb4
27. Qb8+ Kh7 28. Qe5 Qxa2 29. Be4+ f5 30. Bf3 Rb2 31. Be3 Bxe3 32. Qxe3 Qb3 33.
Re1 b5 34. Qxe6 Qxf3 35. Qb6 b4 36. Qd4 1/2-1/2